000 00421pab a2200145 454500
008 180718b xxu||||| |||| 00| 0 eng d
100 _aAntonioni
245 _aThe effects of feedback accountability on upward appraisal rating
362 _a47(2), Summer 1994, p.349-56
650 _a Service Rating
650 _a Personnel Management
650 _aEmployees -- Rating Of
773 _aPersonnel Journal
909 _a27287
999 _c27287
_d27287